Estudios históricos: presencia de América en el pensamiento europeo

Gorde:
Xehetasun bibliografikoak
Egile nagusia: Giraldo Jaramillo, Gabriel (Egilea)
Formatua: Liburua
Hizkuntza:gaztelania
Argitaratua: Bogotá Santafé 1954
Saila:Biblioteca de Autores Colombianos, 86
Gaiak:
Etiketak: Etiketa erantsi
Etiketarik gabe, Izan zaitez lehena erregistro honi etiketa jartzen!

MARC

LEADER 00000nam a2200000 a 4500
001 UCO2777
003 CL-VaPUC
008 000608e19540000CK |||||||||||||||||spa|d
082 0 4 |a 980  |b GIR  |2 21 
100 0 |a Giraldo Jaramillo, Gabriel  |e author  |9 446394 
245 1 0 |a Estudios históricos: presencia de América en el pensamiento europeo 
300 |a 387 p 
942 |c BK 
945 |d 20000608 00:00:00  |a rherrera 
260 |a Bogotá  |b Santafé  |c 1954 
650 0 |a Historia de América  |9 266076 
650 0 |a Ensayos  |9 268724 
650 7 |a ESTUDIOS HISTORICOS  |2 CL-VaPUC  |9 446395 
651 0 |a América  |9 255182 
583 |a last modification  |c 20000608 00:00:00  |k Rodrigo Vera 
490 0 |a Biblioteca de Autores Colombianos, 86 
999 |c 289272  |d 289270 
952 |0 0  |1 0  |4 0  |6 980_000000000000000_GIR_1954  |7 0  |8 A  |9 337536  |a BIBHIS  |b BIBHIS  |d 2019-11-20  |i 1287222  |o 980 GIR 1954  |p 1287222  |r 2025-01-20  |w 2019-11-20  |y BK  |k HIS